| 000 | 00449nam a2200169 a 4500 | ||
|---|---|---|---|
| 005 | 20240910064216.0 | ||
| 008 | 041028s1972 mx r 000 0 spa d | ||
| 035 | _aUPN01000138758 | ||
| 049 | _aCG | ||
| 050 | 4 |
_aGN24 _bL4.2 |
|
| 100 | 1 | _aLeclercq, Gerard | |
| 245 | 1 | 0 |
_aAntropología y colonialismo / _cGerard Leclercq. |
| 260 |
_aMéxico : _bAguirre Beltrán, _c[1972]. |
||
| 300 | _a174 p. | ||
| 650 | 2 |
_aAntropología _94499 |
|
| 905 | _aLibro | ||
| 999 |
_c110906 _d110906 |
||